Object-oriented systems analysis and design / (Record no. 8698)

MARC details
000 -LEADER
fixed length control field 00737nac a22002291u 4500
010 ## - LIBRARY OF CONGRESS CONTROL NUMBER
LC control number 2003062230
020 ## - INTERNATIONAL STANDARD BOOK NUMBER
International Standard Book Number 0132279002 :
020 ## - INTERNATIONAL STANDARD BOOK NUMBER
International Standard Book Number 0132279002 :
082 00 - DEWEY DECIMAL CLASSIFICATION NUMBER
Classification number 004.21
Item number GEO
090 ## - LOCALLY ASSIGNED LC-TYPE CALL NUMBER (OCLC); LOCAL CALL NUMBER (OCLC)
-- 8698
-- 8698
100 ## - MAIN ENTRY--PERSONAL NAME
Personal name George, Joey F.
245 00 - TITLE STATEMENT
Title Object-oriented systems analysis and design /
Statement of responsibility, etc Joey F. George ... [et al.].
250 ## - EDITION STATEMENT
Edition statement 2nd ed.
260 ## - PUBLICATION, DISTRIBUTION, ETC. (IMPRINT)
Place of publication, distribution, etc Upper Saddle River, NJ :
Name of publisher, distributor, etc Pearson Prentice Hall,2007.
Date of publication, distribution, etc c2007.
300 ## - PHYSICAL DESCRIPTION
Extent xxiv,464p.:
Other physical details ill.;
Dimensions 30cm
500 ## - GENERAL NOTE
General note Distributer: Bacca
504 ## - BIBLIOGRAPHY, ETC. NOTE
Bibliography, etc Includes bibliographical references and index.
511 ## - PARTICIPANT OR PERFORMER NOTE
Participant or performer note Catalogued by: Sara
650 #0 - SUBJECT ADDED ENTRY--TOPICAL TERM
Topical term or geographic name as entry element System design.
650 #0 - SUBJECT ADDED ENTRY--TOPICAL TERM
Topical term or geographic name as entry element System analysis.
942 ## - ADDED ENTRY ELEMENTS (KOHA)
Item type Book - Borrowing
Call number prefix 004.21GEO
Holdings
Withdrawn status Item status Damaged status Not for loan Home library Current library Shelving location Date acquired Source of acquisition Total Checkouts Full call number Barcode Date last seen Koha item type
        Central Library Central Library Lower Floor 18/03/2008 Purchase   004.21GEO 000010630 15/07/2025 Book - Borrowing